Sketches of our life at Sarawak

Bibliographic Details
Main Author: McDougall, Harriette
Format: Book
Published: Singapore : Oxford University Press , 1995
Subjects:

MARC

LEADER 00000cam a2200000 7i4500
001 0000002899
002 000003137
005 20000330.0
020 |a 019588583X 
090 0 0 |a 390.086   |b MCD 
100 1 |a McDougall, Harriette 
245 1 0 |a Sketches of our life at Sarawak   |c Harriette McDougall 
260 |a Singapore :   |b Oxford University Press ,   |c 1995 
300 |a 250p. ;   |c 13cm. 
650 0 0 |a Manners and customs 
651 0 |a Sarawak   |x Social life and customs 
999 |a 00069470   |b BUKU   |c PINJAMAN   |e PERPUSTAKAAN KOMUNITI PETALING JAYA 
999 |a 036467   |b BUKU   |c MALAYSIANA   |e PERPUSTAKAAN KOMUNITI PETALING JAYA